00358pab a2200133 454500008004000000100001800040245006100058260000900119300001300128362001100141650002300152650001500175773003400190180718b2017 xxu||||| |||| 00| 0 eng d aDiwakar, Amar aAffirming the Syrian revolution: experiments in autonomy c2017 ap.34-38. a27 May aRevolution - Syria aRevolution aEconomic and Political Weekly